Time in the book of Ecclesiastes : Mette Bundvad.

Bibliographic Details
Main Author: Bundvad, Mette, 1982-
Format: Book
Language:English
Published: Oxford ; New York : Oxford University Press, 2015.
Edition:First edition.
Series:Oxford theology and religion monographs.
Subjects:

MARC

Tag First Indicator Second Indicator Subfields
LEADER 00000cam a2200000Ii 4500
001 in00003610331
005 20170928111742.0
008 150318s2015 enk b 001 0 eng d
010 |a  2014959962 
020 |a 9780198739708 
020 |a 0198739702 
035 |a (OCoLC)ocn907178325 
040 |a BTCTA  |e rda  |c BTCTA  |d BDX  |d YDX  |d EQO  |d KAT  |d COO  |d IDK  |d LNT  |d UtOrBLW 
049 |a TXAM 
050 4 |a BS1475.6.T5  |b B86 2015 
082 0 |a 223.806  |2 23 
100 1 |a Bundvad, Mette,  |d 1982-  |0 http://id.loc.gov/authorities/names/no2013080786 
245 1 0 |a Time in the book of Ecclesiastes :  |b Mette Bundvad. 
250 |a First edition. 
264 1 |a Oxford ;  |a New York :  |b Oxford University Press,  |c 2015. 
300 |a x, 211 pages ;  |c 23 cm. 
336 |a text  |b txt  |2 rdacontent 
337 |a unmediated  |b n  |2 rdamedia 
338 |a volume  |b nc  |2 rdacarrier 
490 1 |a Oxford theology and religion monographs 
500 |a Revision of author's thesis (D. Phil.)--University of Oxford, 2013 under title: Time in the book of Qohelet. 
504 |a Includes bibliographical references (pages [191]-201) and indexes. 
505 0 |a Structure and composition : can the book of Qohelet be read? -- Towards a biblical conception of time -- World time and human time in the framing poems -- The present in the book of Quohelet -- Connecting present to past and future -- Storytelling as a means of protest. 
630 0 0 |a Bible.  |p Ecclesiastes  |x Criticism, interpretation, etc. 
650 0 |a Time in the Bible.  |0 http://id.loc.gov/authorities/subjects/sh85135415 
830 0 |a Oxford theology and religion monographs.  |0 http://id.loc.gov/authorities/names/no2013059871 
945 |a PromptCat  |b 508156 
946 |a stk 
947 |a A14843363616 
948 |a cataloged  |b h  |c 2016/2/24  |d c  |e dmitchel  |f 2:30:20 pm 
994 |a 92  |b TXA 
999 f f |s 5d610850-d417-3931-bf58-9f801e54d49a  |i 3a282c81-66ea-3962-aaf4-25ba835f5b1d  |t 0 
952 f f |p normal  |a Texas A&M University  |b College Station  |c Sterling C. Evans Library  |s Evans stk  |d Evans: Library Stacks  |t 0  |e BS1475.6.T5 B86 2015  |h Library of Congress classification  |i unmediated -- volume  |m A14843363616 
998 f f |a BS1475.6.T5 B86 2015  |t 0  |l Evans: Library Stacks